Score 0/40 Timer 10:00
3 Plays Today
Episode Title Show % Correct
The One with the MonkeyFriends
82.6%
Everybody Hates ChristmasEverybody Hates Chris
70.3%
A Very Sunny ChristmasIt's Always Sunny in Philadelphia
67.1%
God Help Ye Merry BundymenMarried... with Children
65.9%
Three's ChristmasThree's Company
63.9%
It's Beginning to Look a Lot Like UrkelFamily Matters
63.4%
Christmas at the ClampettsThe Beverly Hillbillies
61.4%
How Lily Stole ChristmasHow I Met Your Mother
61.2%
Miracle on Evergreen TerraceThe Simpsons
60.4%
The Bath Item Gift HypothesisThe Big Bang Theory
59.3%
Mr. Hankey's Christmas ClassicsSouth Park
58.8%
Edith's Crisis of FaithAll In The Family
57.7%
iChristmasiCarly
56.8%
A Bionic Christmas CarolThe Six Million Dollar Man
42.7%
The Spy Who Came in for a Cold OneCheers
42.4%
Abed's Uncontrollable ChristmasCommunity
42%
Bartlet for AmericaThe West Wing
41.2%
A Christmas HartHart To Hart
40.8%
A Benihana ChristmasThe Office
40.1%
A Sweathog Christmas SpecialWelcome Back, Kotter
39.6%
Episode Title Show % Correct
The Alan Brady Show PresentsThe Dick Van Dyke Show
37.4%
Dancer, Prancer, Donner and SteeleRemington Steele
36.4%
Express ChristmasModern Family
35.5%
No Room at the InnNewhart
35.1%
A Little Christmas QueerWill & Grace
35.1%
Dear DadM*A*S*H
32.6%
A Ranger's ChristmasWalker: Texas Ranger
31.6%
LexmasSmallville
31.2%
Livin' on Reds, Vitamin C and PropaneKing Of The Hill
30.4%
The Best Chrismukkah EverThe O.C.
22.7%
So-Called AngelsMy So-Called Life
18.6%
My Own Personal JesusScrubs
18.4%
Yes, Nicholas, There Is a Santa ClausEight Is Enough
18.1%
Jolly Old St. Dick3rd Rock from the Sun
15.9%
Jennifer's Home for ChristmasWKRP in Cincinnati
12.9%
X-Mas Chn. Bch. VN, '67China Beach
11.4%
Jaggle BellsJAG
10.8%
Grandma Got Run Over by a ReindeerGrey's Anatomy
9.3%
Oh, TannerbaumALF
8.1%
A Very C.J. Christmas8 Simple Rules
5.6%
Remove Ads.
Support Sporcle.
Get the best of Sporcle when you Go Orange. This ad-free experience offers more features, more stats, and more fun while also helping to support Sporcle. Thank you for becoming a member.

You're not logged in!

Compare scores with friends on all Sporcle quizzes.
OR
Log In

Show Comments

Extras

Top Quizzes Today


Score Distribution

Your Account Isn't Verified!

In order to create a playlist on Sporcle, you need to verify the email address you used during registration. Go to your Sporcle Settings to finish the process.

Report this User

Report this user for behavior that violates our Community Guidelines.

Details: